Hermeneutics of Doctrine in a Learning Church : The Dynamics of Receptive Integrity /

In Hermeneutics of Doctrine in a Learning Church , Gregory A. Ryan offers an account of the dynamic, multi-dimensional task of interpreting Christian tradition. He integrates doctrinal hermeneutics, the 'pastorality of doctrine' exemplified by Pope Francis, and a systematic appraisal of Re...

وصف كامل

محفوظ في:

المؤلف الرئيسي: Ryan, Gregory A. (مؤلف)

التنسيق: كتاب الكتروني

اللغة: English

منشور في: Leiden; Boston : BRILL, 2020.

سلاسل: Studies in Systematic Theology ; 23.
Religious Studies, Theology and Philosophy E-Books Online, Collection 2020, ISBN: 9789004419094.

الموضوعات:

الوصول للمادة أونلاين: Login to view Source

الوسوم: إضافة وسم

لا توجد وسوم, كن أول من يضع وسما على هذه التسجيلة!

رقم الطلب: BT75.3

LEADER 02722nam a22004451i 4500
001 BRILL9789004436404
003 nllekb
005 20210602101727.0
006 m d
007 cr un uuuua
008 200407s2020 ne sb 001 0 eng d
020 |a 9789004436404  |q (electronic book) 
020 |a 9789004436398  |q (print) 
024 7 |a 10.1163/9789004436404  |2 DOI 
035 |z (OCoLC)1154816383 
040 |a NL-LeKB  |c NL-LeKB  |e rda 
050 4 |a BT75.3 
072 7 |a HRCM  |2 bicssc 
072 7 |a REL  |x 067000  |2 bisacsh 
082 0 4 |a 230.044  |2 23 
100 1 |a Ryan, Gregory A.,  |e author. 
245 1 0 |a Hermeneutics of Doctrine in a Learning Church :  |b The Dynamics of Receptive Integrity /  |c Gregory A. Ryan. 
246 3 |a The Dynamics of Receptive Integrity 
264 1 |a Leiden;   |a Boston :  |b BRILL,   |c 2020. 
300 |a 1 online resource. 
336 |a text  |b txt  |2 rdacontent 
337 |a computer  |b c  |2 rdamedia 
338 |a online resource  |2 rdacarrier 
490 1 |a Studies in Systematic Theology ;  |v 23 
490 1 |a Religious Studies, Theology and Philosophy E-Books Online, Collection 2020, ISBN: 9789004419094 
520 |a In Hermeneutics of Doctrine in a Learning Church , Gregory A. Ryan offers an account of the dynamic, multi-dimensional task of interpreting Christian tradition. He integrates doctrinal hermeneutics, the 'pastorality of doctrine' exemplified by Pope Francis, and a systematic appraisal of Receptive Ecumenism to provide an original perspective on this task. The book focuses on three contemporary Catholic theologians (Francis Schüssler Fiorenza, Ormond Rush, and Paul D. Murray), highlighting how each recognises the dynamic interaction of multiple perspectives involved in authentic ecclesial interpretation. Christian tradition, whether passed on in teaching, scripture, practices, or structures, needs to be continually received and interpreted. This book offers theologians, ecumenists, and church workers a fresh model for receptive ecclesial learning in which doctrinal hermeneutics and pastoral realities are dynamically integrated. 
588 |a Description based on print version record. 
650 0 |a Theology, Doctrinal. 
776 0 8 |i Print version:  |t Hermeneutics of Doctrine in a Learning Church : The Dynamics of Receptive Integrity,   |d Leiden Boston : BRILL, 2020  |w 9789004436398 
830 0 |a Studies in Systematic Theology ;  |v 23. 
830 0 |a Religious Studies, Theology and Philosophy E-Books Online, Collection 2020, ISBN: 9789004419094. 
856 4 |z DOI:   |u http://dx.doi.org/10.1163/9789004436404 
942 |c EBOOK 
952 |0 0  |1 0  |4 0  |7 1  |9 14617  |a BRILL  |b BRILL  |d 2021-06-02  |l 0  |r 2021-06-02 00:00:00  |w 2021-06-02  |y EBOOK 
999 |c 36066  |d 36066